[Event "Bremen-ch"]
[Site "Bremen"]
[Date "2019.04.18"]
[Round "7.31"]
[White "Ficken, Hartmut"]
[Black "Borbely, Kurt"]
[Result "1-0"]
[WhiteElo "1552"]
[BlackElo "1091"]
[PlyCount "87"]
[EventDate "2019.04.13"]
[EventType "swiss"]
[EventRounds "9"]
[EventCountry "GER"]
[SourceTitle "EXT 2020"]
[Source "ChessBase"]
[SourceDate "2019.10.17"]
[SourceVersion "1"]
[SourceVersionDate "2019.10.17"]
[SourceQuality "1"]

1. e4 Nc6 2. f4 e5 3. Nf3 exf4 4. d4 d5 5. e5 Bg4 6. Bb5 g5 7. Qd3 Bxf3 8. Qxf3 Nge7 9. Qg4 h6 10. Nd2 a6 11. Bxc6+ Nxc6 12. c3 Qd7 13. Qf3 Ne7 14. h4 Bg7 15. hxg5 hxg5 16. Rxh8+ Bxh8 17. Qh5 Ng6 18. Qxg5 Qe6 19. Nf3 Bf6 20. Qxf6 Qxf6 21. exf6 0-0-0 22. Kf2 Rd6 23. Bd2 Rxf6 24. Re1 Kd7 25. Ne5+ Kd6 26. Nd3 Kd7 27. Re2 c6 28. Kf3 Nh4+ 29. Kg4 f3 30. gxf3 Nxf3 31. Ne5+ Nxe5+ 32. dxe5 Re6 33. Kf5 f6 34. Bf4 fxe5 35. Rxe5 Rxe5+ 36. Kxe5 b5 37. Kd4 Ke6 38. Kc5 Kd7 39. Bh2 a5 40. Bg3 b4 41. cxb4 axb4 42. Kxb4 Kc8 43. Kc5 Kb7 44. Be5 1-0

[Event "Bremen-ch op"]
[Site "Bremen"]
[Date "2018.03.30"]
[Round "8"]
[White "Ficken, Hartmut"]
[Black "Wemssen, Lothar"]
[Result "0-1"]
[WhiteElo "1692"]
[BlackElo "1950"]
[PlyCount "30"]
[EventDate "2018.03.24"]
[EventType "swiss"]
[EventRounds "9"]
[EventCountry "GER"]
[SourceTitle "EXT 2019"]
[Source "ChessBase"]
[SourceDate "2018.10.10"]
[SourceVersion "1"]
[SourceVersionDate "2018.10.10"]
[SourceQuality "1"]

1. e4 c5 2. Nf3 Nc6 3. d4 cxd4 4. Nxd4 Nf6 5. Nc3 d6 6. a3 a6 7. Bc4 e6 8. 0-0 Be7 9. h3 0-0 10. Be3 Ne5 11. Bb3 Qc7 12. Qe2 b5 13. Rab1 Rb8 14. Na2 Nxe4 15. Nf3 Nxf3+ 0-1

[Event "Bremen-ch op"]
[Site "Bremen"]
[Date "2018.03.25"]
[Round "2"]
[White "Ficken, Hartmut"]
[Black "Giss, Alexander"]
[Result "1-0"]
[WhiteElo "1692"]
[BlackElo "1156"]
[PlyCount "57"]
[EventDate "2018.03.24"]
[EventType "swiss"]
[EventRounds "9"]
[EventCountry "GER"]
[SourceTitle "EXT 2019"]
[Source "ChessBase"]
[SourceDate "2018.10.10"]
[SourceVersion "1"]
[SourceVersionDate "2018.10.10"]
[SourceQuality "1"]

1. e4 c5 2. f4 d6 3. Bc4 Nc6 4. Nf3 e6 5. a3 a6 6. d3 b5 7. Ba2 g6 8. Be3 Nge7 9. c3 Bb7 10. Nbd2 h5 11. 0-0 Bh6 12. Qe1 0-0 13. Qg3 Ne5 14. Nxe5 dxe5 15. fxe5 Bxe3+ 16. Qxe3 Nc6 17. Nf3 Qe7 18. Rad1 Rad8 19. d4 cxd4 20. cxd4 Na5 21. Rc1 Rfe8 22. Ng5 Rf8 23. Rf6 Nc6 24. Bxe6 Nxd4 25. Bxf7+ Kh8 26. Rcf1 Qc5 27. Kh1 Qxe5 28. Rxg6 Nf5 29. Qe2 1-0

[Event "Bremen-ch op"]
[Site "Bremen"]
[Date "2016.03.25"]
[Round "8"]
[White "Boehm, Karl1111"]
[Black "Ficken, Hartmut"]
[Result "1/2-1/2"]
[WhiteElo "1852"]
[BlackElo "1714"]
[PlyCount "104"]
[EventDate "2016.03.19"]
[EventType "swiss"]
[EventRounds "9"]
[EventCountry "GER"]
[SourceTitle "EXT 2018"]
[Source "ChessBase"]
[SourceDate "2017.10.13"]
[SourceVersion "1"]
[SourceVersionDate "2017.10.13"]
[SourceQuality "1"]

1. d4 d5 2. c4 e6 3. Nc3 Be7 4. e3 Nf6 5. Nf3 b6 6. cxd5 Nxd5 7. Bd3 0-0 8. 0-0 c5 9. a3 Ba6 10. Bxa6 Nxa6 11. Qc2 Nxc3 12. Qxc3 Bf6 13. Qc4 Qc8 14. d5 exd5 15. Qxd5 Nc7 16. Qb3 Qe6 17. Qc2 Rfd8 18. Bd2 Rd7 19. Bc3 Bxc3 20. Qxc3 Rad8 21. Qc2 Nd5 22. Rad1 Nf6 23. Rxd7 Rxd7 24. Rd1 Rxd1+ 25. Qxd1 Qd7 26. Qxd7 Nxd7 27. Kf1 f6 28. Ke2 Kf7 29. Kd3 b5 30. Nd2 Ne5+ 31. Ke2 Ke6 32. f4 Nd7 33. e4 a5 34. Ke3 Nb6 35. b3 g6 36. g4 Kd6 37. Kd3 a4 38. Kc3 axb3 39. Kxb3 Na4 40. h4 Nb6 41. g5 f5 42. exf5 gxf5 43. h5 Ke6 44. Nf3 Nd5 45. g6 c4+ 46. Kc2 hxg6 47. hxg6 Kf6 48. g7 Kxg7 49. Nd4 Nxf4 50. Nxf5+ Kf6 51. Nd4 Ke5 52. Nxb5 Kd5 1/2-1/2

[Event "Bremen-ch op"]
[Site "Bremen"]
[Date "2016.03.24"]
[Round "7"]
[White "Ficken, Hartmut"]
[Black "Seliskar, Henryk"]
[Result "1-0"]
[WhiteElo "1714"]
[BlackElo "1540"]
[PlyCount "63"]
[EventDate "2016.03.19"]
[EventType "swiss"]
[EventRounds "9"]
[EventCountry "GER"]
[SourceTitle "EXT 2018"]
[Source "ChessBase"]
[SourceDate "2017.10.13"]
[SourceVersion "1"]
[SourceVersionDate "2017.10.13"]
[SourceQuality "1"]

1. e4 c5 2. f4 d6 3. Bc4 e6 4. Nf3 h6 5. d4 cxd4 6. Nxd4 Nc6 7. Be3 Nf6 8. Nc3 Qb6 9. Bb3 Qc7 10. Ndb5 Qd8 11. e5 dxe5 12. Qxd8+ Kxd8 13. 0-0-0+ Bd7 14. fxe5 Ng4 15. Bg1 Ngxe5 16. h3 a6 17. Bb6+ Kc8 18. Nd6+ Bxd6 19. Rxd6 Ne7 20. Rhd1 N7c6 21. Ne4 a5 22. Nc5 a4 23. Bxa4 Nb8 24. Nxd7 Rxa4 25. Nxe5 Nc6 26. Nxc6 bxc6 27. a3 Kb7 28. Bg1 Rf8 29. Rd7+ Kc8 30. Bh2 Re4 31. Rc7+ Kb8 32. Rxf7+ 1-0

[Event "Bremen-ch op"]
[Site "Bremen"]
[Date "2016.03.20"]
[Round "3"]
[White "Ficken, Hartmut"]
[Black "Ditmas, Hugh"]
[Result "0-1"]
[WhiteElo "1714"]
[BlackElo "1933"]
[PlyCount "92"]
[EventDate "2016.03.19"]
[EventType "swiss"]
[EventRounds "9"]
[EventCountry "GER"]
[SourceTitle "EXT 2018"]
[Source "ChessBase"]
[SourceDate "2017.10.13"]
[SourceVersion "1"]
[SourceVersionDate "2017.10.13"]
[SourceQuality "1"]

1. e4 c5 2. f4 Nc6 3. Nf3 g6 4. c3 Bg7 5. d3 d6 6. Be3 Nf6 7. Be2 0-0 8. 0-0 Qc7 9. Nh4 Rb8 10. f5 b5 11. Nd2 Nd7 12. fxg6 fxg6 13. Ndf3 Nde5 14. Nxe5 Rxf1+ 15. Bxf1 Nxe5 16. Be2 Be6 17. h3 b4 18. c4 Nc6 19. Qd2 Rf8 20. Nf3 a5 21. Bh6 Nd4 22. Bxg7 Nxf3+ 23. Bxf3 Kxg7 24. b3 Bxh3 25. Kf2 Bg4 26. Rh1 h5 27. Qg5 e5 28. Kg3 Bxf3 29. gxf3 Qf7 30. Rf1 Qf4+ 31. Qxf4 exf4+ 32. Kh4 Kf6 33. Rg1 Re8 34. Rg2 Re5 35. Rd2 Rg5 36. d4 Rg1 37. Kh3 Rg3+ 38. Kh2 Rxf3 39. dxc5 dxc5 40. Rd5 Rf2+ 41. Kg1 Rxa2 42. Rxc5 Ra3 43. Rb5 Rxb3 44. Rxa5 Rc3 45. c5 Ke5 46. Rb5 Kxe4 0-1

[Event "Bremen-ch op"]
[Site "Bremen"]
[Date "2012.03.31"]
[Round "1"]
[White "Ficken, Hartmut"]
[Black "Heyne, Lukas"]
[Result "0-1"]
[WhiteElo "1753"]
[BlackElo "1996"]
[PlyCount "72"]
[EventDate "2012.03.31"]
[EventType "swiss"]
[EventRounds "9"]
[EventCountry "GER"]
[SourceTitle "EXT 2022"]
[Source "ChessBase"]
[SourceDate "2021.10.06"]
[SourceVersion "1"]
[SourceVersionDate "2021.10.06"]
[SourceQuality "1"]

1. e4 c5 2. Nf3 d6 3. d4 cxd4 4. Nxd4 Nf6 5. Nc3 a6 6. Be2 e6 7. Be3 Nbd7 8. Nb3 b5 9. a3 Bb7 10. f3 Be7 11. 0-0 0-0 12. Qd2 d5 13. exd5 Nxd5 14. Nxd5 Bxd5 15. Na5 Rc8 16. Rac1 Ne5 17. f4 Nd7 18. Bf3 Nf6 19. Bxd5 Nxd5 20. Nb3 a5 21. Kh1 a4 22. Nd4 Bc5 23. Rg1 Qf6 24. c3 Rfd8 25. Qe2 Nxf4 26. Qxb5 Qg5 27. Rc2 Qg6 28. Rd2 e5 29. Qb7 Rb8 30. Qf3 Bxd4 31. Bxd4 Ne6 32. Bxe5 Rxd2 33. Bxb8 Rxb2 34. Bd6 h5 35. Bb4 Nf4 36. g3 Qc2 0-1

[Event "Bremen-ch op"]
[Site "Delmenhorst"]
[Date "2011.04.23"]
[Round "5"]
[White "Menze, Gerold"]
[Black "Ficken, Hartmut"]
[Result "0-1"]
[WhiteElo "1648"]
[BlackElo "1594"]
[PlyCount "66"]
[EventDate "2011.04.16"]
[EventType "swiss"]
[EventRounds "9"]
[EventCountry "GER"]
[SourceTitle "EXT 2012"]
[Source "ChessBase"]
[SourceDate "2011.11.24"]
[SourceVersion "1"]
[SourceVersionDate "2011.11.24"]
[SourceQuality "1"]

1. b4 Nf6 2. e3 e6 3. b5 c5 4. c4 b6 5. Nf3 Bb7 6. Be2 d5 7. 0-0 Bd6 8. Nc3 dxc4 9. Bxc4 Ng4 10. e4 Nd7 11. Re1 0-0 12. d3 Nde5 13. Nxe5 Bxe5 14. Bd2 Qh4 15. Qf3 Nxh2 16. Qh3 Qxh3 17. gxh3 Nf3+ 18. Kf1 Nxd2+ 19. Ke2 Nxc4 20. Rec1 Nd6 21. a4 c4 22. Ra3 cxd3+ 23. Kxd3 Rfd8 24. Ke2 Rac8 25. Na2 Rxc1 26. Nxc1 Bb2 27. Rd3 Bxc1 28. e5 Bd5 29. Kd1 Bg5 30. exd6 Rxd6 31. Rc3 Bf3+ 32. Kc2 Be4+ 33. Kb3 Rd3 0-1

[Event "Bremen-ch op"]
[Site "Delmenhorst"]
[Date "2011.04.17"]
[Round "2"]
[White "Ficken, Hartmut"]
[Black "Steingraeber, Kai Uwe"]
[Result "0-1"]
[WhiteElo "1594"]
[BlackElo "2092"]
[PlyCount "60"]
[EventDate "2011.04.16"]
[EventType "swiss"]
[EventRounds "9"]
[EventCountry "GER"]
[SourceTitle "EXT 2012"]
[Source "ChessBase"]
[SourceDate "2011.11.24"]
[SourceVersion "1"]
[SourceVersionDate "2011.11.24"]
[SourceQuality "1"]

1. e4 c5 2. Nf3 d6 3. d4 cxd4 4. Nxd4 Nf6 5. Nc3 a6 6. h3 e6 7. a3 Nc6 8. Be3 Be7 9. Bc4 0-0 10. 0-0 Qc7 11. Bb3 b5 12. Qe2 Ne5 13. Bg5 Nc4 14. Ncxb5 axb5 15. Nxb5 Qc5 16. Bxf6 Bxf6 17. Bxc4 Bxb2 18. Ra2 Be5 19. Kh1 Ba6 20. a4 Rfb8 21. Rb1 Rb7 22. Bd3 Bxb5 23. Rxb5 Rxb5 24. Bxb5 Qb4 25. Qd1 Qxe4 26. c4 Rc8 27. Re2 Qf4 28. g3 Qf3+ 29. Kg1 d5 30. Rd2 Qa3 0-1

[Event "Bremen-ch op"]
[Site "Delmenhorst"]
[Date "2011.04.16"]
[Round "1"]
[White "Mueller, Wolfgang3333"]
[Black "Ficken, Hartmut"]
[Result "1-0"]
[WhiteElo "1959"]
[BlackElo "1594"]
[PlyCount "43"]
[EventDate "2011.04.16"]
[EventType "swiss"]
[EventRounds "9"]
[EventCountry "GER"]
[SourceTitle "EXT 2012"]
[Source "ChessBase"]
[SourceDate "2011.11.24"]
[SourceVersion "1"]
[SourceVersionDate "2011.11.24"]
[SourceQuality "1"]

1. e4 c5 2. Nf3 d6 3. d4 cxd4 4. Nxd4 e6 5. Nc3 a6 6. Bc4 Be7 7. Be3 Nf6 8. Qe2 Qc7 9. Bb3 b5 10. 0-0-0 b4 11. Na4 Nxe4 12. Qg4 Nf6 13. Qxg7 Rg8 14. Qh6 Rg6 15. Qh3 Nc6 16. Nxc6 Qxc6 17. Nb6 e5 18. g4 Bxg4 19. Qf1 Nd7 20. Bd5 Qb5 21. Nxa8 Bxd1 22. Nc7+ 1-0